000 00526 a2200205 4500
005 20260209164959.0
008 260209b |||||||| |||| 00| 0 eng d
020 _a9783662665466
_c€ 64.99
040 _aMAIN
082 _a576
_bR275E
100 _aReineke, Walter
245 _aEnvironmental microbiology
260 _bSpringer Nature
_aBerlin
_c2023
300 _axvi, 603
650 _aMicrobiology
650 _aMicroorganisms
650 _aEnvirmental Chemicals
700 _aSchlomann, Michael
942 _cBK
999 _c395834
_d395834